Statistics for Biggest Trading Partners - China

Click here to take the quiz!

General Stats

  • This quiz has been taken 19,018 times
    (10,064 since last reset)
  • The average score is 17 of 20

Answer Stats

Exports Imports Country % Correct
480 bil156 bilUnited States
100%
48.0 bil58.9 bilRussia
98%
147 bil180 bilJapan
98%
57.0 bilUnited Kingdom
97%
32.3 bilFrance
96%
77.9 bil106 bilGermany
96%
76.9 bilIndia
96%
109 bil205 bilSouth Korea
94%
47.5 bil105 bilAustralia
93%
77.1 bilBrazil
92%
44.1 bilMexico
90%
43.2 bil34.1 bilIndonesia
90%
84.0 bil64.1 bilVietnam
86%
43.0 bil44.9 bilThailand
84%
48.7 bil177 bilTaiwan
76%
45.8 bil63.3 bilMalaysia
76%
45.9 bilSaudi Arabia
74%
49.8 bil33.6 bilSingapore
69%
73.1 bilNetherlands
53%
38.7 bilSwitzerland
35%

Score Distribution

Percentile by Number Answered

Percent of People with Each Score

Your Score History

You have not taken this quiz since the last reset